<?xml version="1.0" encoding="UTF-8"?>
<collection xmlns="http://www.loc.gov/MARC21/slim">
 <record>
  <leader>01374nam a22002177a 4500</leader>
  <controlfield tag="001">NCT_149247</controlfield>
  <controlfield tag="008">230503b        xxu||||| |||| 00| 0 vie d</controlfield>
  <datafield tag="999" ind1=" " ind2=" ">
   <subfield code="c">7695</subfield>
   <subfield code="d">7695</subfield>
  </datafield>
  <datafield tag="020" ind1=" " ind2=" ">
   <subfield code="a">9786045884840</subfield>
   <subfield code="c">180000</subfield>
  </datafield>
  <datafield tag="082" ind1="0" ind2="4">
   <subfield code="2">23rd ed.</subfield>
   <subfield code="a">796.8</subfield>
   <subfield code="b">K308</subfield>
  </datafield>
  <datafield tag="100" ind1="1" ind2=" ">
   <subfield code="a">Huỳnh Tuấn Kiệt</subfield>
  </datafield>
  <datafield tag="245" ind1="1" ind2="0">
   <subfield code="a">Võ đạo Việt Nam và truyền thống nhân văn thượng võ</subfield>
   <subfield code="c">Huỳnh Tuấn Kiệt, Huỳnh Quốc Thắng</subfield>
  </datafield>
  <datafield tag="250" ind1=" " ind2=" ">
   <subfield code="a">Tái bản lần 1 có bổ sung nội dung</subfield>
  </datafield>
  <datafield tag="260" ind1=" " ind2=" ">
   <subfield code="a">Tp. Hồ Chí Minh</subfield>
   <subfield code="b">Tổng hợp Thành phố Hồ Chí Minh</subfield>
   <subfield code="c">2020</subfield>
  </datafield>
  <datafield tag="300" ind1=" " ind2=" ">
   <subfield code="a">391 tr.</subfield>
   <subfield code="c">21cm</subfield>
  </datafield>
  <datafield tag="520" ind1="3" ind2=" ">
   <subfield code="a">Nội dung sách nhằm giúp cho Võ học thoát khỏi tư duy &quot;võ biền&quot;, đưa con người võ đạo thành con người văn hóa rộng mở theo hướng ngày càng hòa nhập mạnh mẽ vào dòng chảy văn hóa dân tộc truyền thống Nhân văn Thượng võ là một trong những nguồn mạch mang tính nội lực thâm hậu thực sự.</subfield>
  </datafield>
  <datafield tag="653" ind1=" " ind2=" ">
   <subfield code="a">Cơ bản</subfield>
  </datafield>
  <datafield tag="700" ind1="1" ind2=" ">
   <subfield code="a">Huỳnh Quốc Thắng</subfield>
  </datafield>
  <datafield tag="942" ind1=" " ind2=" ">
   <subfield code="2">ddc</subfield>
   <subfield code="c">BK</subfield>
  </datafield>
  <datafield tag="952" ind1=" " ind2=" ">
   <subfield code="0">0</subfield>
   <subfield code="1">0</subfield>
   <subfield code="2">ddc</subfield>
   <subfield code="4">0</subfield>
   <subfield code="6">796_800000000000000_K308</subfield>
   <subfield code="7">0</subfield>
   <subfield code="9">27555</subfield>
   <subfield code="a">000001</subfield>
   <subfield code="b">000001</subfield>
   <subfield code="d">2023-05-03</subfield>
   <subfield code="o">796.8 K308</subfield>
   <subfield code="p">MD.21800</subfield>
   <subfield code="r">2023-05-03</subfield>
   <subfield code="v">180000.00</subfield>
   <subfield code="w">2023-05-03</subfield>
   <subfield code="y">BK</subfield>
  </datafield>
  <datafield tag="980" ind1=" " ind2=" ">
   <subfield code="a">Thư viện Trường Đại học Nam Cần Thơ</subfield>
  </datafield>
 </record>
</collection>
